000
00323 a2200157 4500
001
174661
020
_a
85-259-0384-1
040
_c
Magnum
100
_a
Málus
240
1
0
_a
A galinha e a linha
_l
por
245
1
0
_a
A galinha e a linha
300
_a
12
362
0
_a
1993
697
_a
LITERATURA INFANTO
942
_c
BK
999
_c
174661
_d
174661